000
00342nam a2200145Ia 4500
008
150201s2008 xx 000 0 und d
082
_a
1
_b
S2008C
100
_a
BINGHAM ,CAROLINE
245
_a
SPACE ENCYCLOPEDIA
250
_a
LONDON
260
_a
D.K.PUBLICATION
_c
2008
300
_a
1-126
650
_a
GENERAL DENTISTRY
942
_2
ddc
_c
BK
999
_c
4778
_d
4778